00761nam a22002171 450000100060000000300080000600500170001400800410003103500190007203500200009104000340011104100080014508200220015310000440017524500690021926000410028830000180032950400510034750501200039865000250051830487BD-RjUL20211209051555.0140410s1967 enk b 001 0 eng d a(BD-RjUL)30573 a(OCoLC)36548404 aDLCcNcBsGdDLCdBD-RjULbeng aeng00a180bGUH 19622231 aGuthrie, William Keith Chambers,d1906-12aA history of Greek philosophy /cWilliam Keith Chambers Guthrie. aCambridge :bUniversity Press,c1962 a V. ;c23 cm. aIncludes bibliographical references and index. aV. 1. The earlier Presocratics and Pythagoreans -- v. 2. The Presocratic tradition from Parmenides to Democritus -- 0aPhilosophy, ancient.